| 000 | 01862cam a2200289 4500 | ||
|---|---|---|---|
| 001 | ABS68285 | ||
| 008 | 041001n2004 000 0 eng u | ||
| 035 | _a(Sirsi) u127592 | ||
| 100 | _aWillis, B. | ||
| 245 | _aWhy history is more than a past concern | ||
| 260 | _c2004 | ||
| 490 |
_aAxis _v58(4) September/October 2004, 12-13(2) |
||
| 520 | _aLooks at the role Britain's historic building environment has to play in the modern approach to regeneration and suggests that changes are needed to the way that old buildings are simultaneously conserved and used effectively. Discusses the key findings of the House of Commons ODPM select committee report "The role of historic buildings in urban regeneration", which argues that the regeneration of old buildings has a central role in the wider revival of depressed areas and demonstrates the feasibility of integrating the protection of historic buildings with the planning system, which would require the transfer of responsibility from the DCMS to the ODPM. Refers to the English Heritage' conservation area partnership scheme and cites the example of Newcastle's Grainger Town as a successful heritage-led regeneration project. View the ODPM select committee report at www.publications.parliament.uk. | ||
| 590 | _aABS | ||
| 590 | _aABS | ||
| 650 | _aCONSERVATION AREA PARTNERSHIPS | ||
| 650 | _aPLANNING SYSTEM | ||
| 650 | _aDEPRIVED AREAS | ||
| 650 | _aGRAINGER TOWN | ||
| 650 | _aURBAN REGENERATION | ||
| 650 | _aNEWCASTLE | ||
| 650 | _aHISTORIC BUILDINGS | ||
| 690 | _aREGENERATION | ||
| 856 |
_uhttps://www.publications.parliament.uk/pa/cm200304/cmselect/cmodpm/47/4702.htm _zView the report on the UK parliament website... |
||
| 856 |
_uhttps://www.publications.parliament.uk/pa/cm200304/cmselect/cmodpm/47/4702.htm _zView the report on the UK parliament website... |
||
| 942 | _n0 | ||
| 999 |
_c118098 _d118098 |
||